000
00310nam a2200133Ia 4500
008
150201s1997 xx 000 0 und d
082
_a
617
_b
R97T
100
_a
TAYLOR,I
245
_a
18 RECENT ADVANCES IN SURGERY
250
_a
1ST
260
_b
B.I. PUB.
_a
DELHI
_c
1997
650
_a
SURGERY
942
_2
ddc
_c
BK
999
_c
1218
_d
1218